Stany Zjednoczone z Ku Klux Klan - Statystyki

Ogólne statystyki
  • Ten quiz został rozwiązany 162 razy
  • Średni wynik to 11 z 22
Statystyki odpowiedzi
liczba grup KKK KKK Stany % Poprawnych
2 Teksas
87%
1 Floryda
77%
4 Alabama
72%
1 Nowy Jork
65%
5 Missisipi
62%
2 Karolina Północna
58%
2 Georgia
57%
3 Kentucky
56%
1 Luizjana
54%
1 Ohio
50%
2 Wirginia
48%
2 Missouri
46%
1 Waszyngton
46%
1 Oklahoma
43%
1 Pensylwania
42%
3 Tennessee
42%
2 Arkansas
41%
1 Illinois
38%
1 Michigan
34%
1 Wirginia Zachodnia
32%
1 Maine
30%
2 Maryland
29%
Nie znaleziono quizów pasujących do podanych kryteriów
Rozkład punktacji
Procent ludzi z każdym wynikiem
Percentyl według liczby udzielonych odpowiedzi
Twoja historia wyników
Nie rozwiązałeś tego quizu